History on American

में बचाया:
ग्रंथसूची विवरण
मुख्य लेखक: Linder, Doug
स्वरूप: पुस्तक
भाषा:English
प्रकाशित: 2009
विषय:
टैग : टैग जोड़ें
कोई टैग नहीं, इस रिकॉर्ड को टैग करने वाले पहले व्यक्ति बनें!
Thư viện lưu trữ: Mạng thư viện Đại học Đà Nẵng
LEADER 00977cam a22003131a 4500
001 000033441
003 9607
005 20151020000000.0
008 151016s2009 000 eng
041 |a eng 
082 |a 420.90  |b LI-D 
100 |a Linder, Doug 
245 |a History on American  |c Doug Linder 
260 |c 2009 
300 |a 85p. : ill ; 30cm 
650 |a History on American, History, American 
852 |b Chuyên đề  |c Tiếng Anh tham khảo 1 
OWN |a LNN 
AVA |a UDN50  |b LNN  |d 420.90 LI-D  |e available  |t Error 5001 Not defined in file expand_doc_bib_avail.  |f 1  |g 0  |h N  |i 0  |k 1 
999 |a From the UDN01 
AVA |a UDN50  |b LNN  |d 420.90 LI-D  |e available  |t Error 5001 Not defined in file expand_doc_bib_avail.  |f 1  |g 0  |h N  |i 0  |k 1 
TYP |a Monograph 
980 |a Mạng thư viện Đại học Đà Nẵng